Biblioteca McGraw Hill de informatica / Donald H. Sanders (Registro nro. 13532)
[ vista simple ]
| 000 -LÍDER | |
|---|---|
| fixed length control field | 00454nam a2200145 4500 |
| 008 - ELEMENTOS DE LONGITUD FIJA -- INFORMACIÓN GENERAL | |
| fixed length control field | 01984 1983 0a 000 0MEX |
| 050 ## - SIGNATURA TOPOGRAFICA DE LA BIBLIOTECA DEL CONGRESO (LC) | |
| Número de Clasificación | QA7615 S56b |
| 100 ## - ASIENTO PRINCIPAL--NOMBRE PERSONAL | |
| Nombre personal | Sanders, Donald H. |
| 245 ## - TÍTULO | |
| Título | Biblioteca McGraw Hill de informatica / Donald H. Sanders |
| 250 ## - MENCIÓN DE EDICIÓN | |
| Mención de edición | 3 |
| 260 ## - PUBLICACIÓN, DISTRIBUCIÓN, ETC. (PIE DE IMPRENTA) | |
| Lugar de publicación, distribución, etc. | México : McGraw Hill |
| 300 ## - DESCRIPCIÓN FÍSICA | |
| Extensión | xvi, 312 p. / 23.5cm |
| 650 ## - ASIENTO SECUNDARIO DE MATERIA - TERMINO TEMÁTICO | |
| Término temático o nombre geográfico como elemento de entrada | 1.COMPUTADORAS \ 2.PROCESAMIENTO ELECTRONICO DE DATOS |
| 700 ## - ASIENTO SECUNDARIO - NOMBRE PERSONAL | |
| Nombre personal | Freedman, Alan, Coaut. |
| No. biblioteca | No. biblioteca | Código de barras/Número de adquisición | Número de copia | Tipo de material |
|---|---|---|---|---|
| LUIS G. INCLAN | LUIS G. INCLAN | 30449 | 2 | Libros |
| LUIS G. INCLAN | LUIS G. INCLAN | 30445 | 2 | Libros |
| LUIS G. INCLAN | LUIS G. INCLAN | 30448 | 2 | Libros |
| LUIS G. INCLAN | LUIS G. INCLAN | 9125 | 1 | Libros |
| LUIS G. INCLAN | LUIS G. INCLAN | 30447 | 2 | Libros |
| LUIS G. INCLAN | LUIS G. INCLAN | 9127 | 1 | Libros |
| LUIS G. INCLAN | LUIS G. INCLAN | 30446 | 2 | Libros |
| LUIS G. INCLAN | LUIS G. INCLAN | 9128 | 1 | Libros |
| LUIS G. INCLAN | LUIS G. INCLAN | 30444 | 2 | Libros |
| LUIS G. INCLAN | LUIS G. INCLAN | 9126 | 1 | Libros |
| LUIS G. INCLAN | LUIS G. INCLAN | 9130 | 1 | Libros |
| LUIS G. INCLAN | LUIS G. INCLAN | 9129 | 1 | Libros |
